000
00245nam a2200097Ia 4500
001
1041569
005
20250826232044.0
008
250824s9999 xx 000 0 und d
245
0
_a
PİRİ TÜRKİSTAN
_c
YILMAZ ÖKSÜZ
260
_b
KETEBE YAYINLARI
999
_c
1041569
_d
1041569